| 000 | 00454nam a22001697a 4500 | ||
|---|---|---|---|
| 003 | MACL | ||
| 005 | 20151226132506.0 | ||
| 008 | 151226b xxu||||| |||| 00| 0 eng d | ||
| 040 | _cMACL | ||
| 041 | _aEnglish | ||
| 082 | _a800/MUK | ||
| 100 |
_aMukherji,Partho _922831 |
||
| 245 | _aModel and Short Questions With Answers and Literary Terms A Compendium, | ||
| 260 |
_aKolkata _bThe Book World _c2010 |
||
| 650 |
_aLiterature _922832 |
||
| 942 |
_2ddc _cBK |
||
| 999 |
_c51917 _d51917 |
||